000 01212nam a2200301Ia 4500
001 ebr10180810
003 CaPaEBR
006 m u
007 cr cn|||||||||
008 030617s2004 enkab sb 001 0 eng d
020 _z9780750657808
040 _aCaPaEBR
_cCaPaEBR
035 _a(OCoLC)441791002
050 1 4 _aQE601.2
_b.L57 2004eb
082 0 4 _a551.80223
_221
100 1 _aLisle, Richard J.
245 1 0 _aGeological structures and maps
_h[electronic resource] :
_ba practical guide /
_cRichard J. Lisle.
250 _a3rd ed.
260 _aOxford ;
_aBurlington, MA :
_bElsevier Butterworth-Heinemann,
_c2004.
300 _a106 p. :
_bill. (some col.), maps (some col.)
504 _aIncludes bibliographical references (p. 102) and index.
533 _aElectronic reproduction.
_bPalo Alto, Calif. :
_cebrary,
_d2009.
_nAvailable via World Wide Web.
_nAccess may be limited to ebrary affiliated libraries.
650 0 _aGeological mapping.
650 0 _aGeology, Structural
_vMaps.
655 7 _aElectronic books.
_2local
710 2 _aebrary, Inc.
856 4 0 _uhttp://site.ebrary.com/lib/rucke/Doc?id=10180810
_zAn electronic book accessible through the World Wide Web; click to view
999 _c238530
_d238530